101 điều cần biết thắng cảnh nổi tiếng nước nhà Du lịch những năm 2000
101 điều cần biết về thắng cảnh nỗi tiếng nước nhà là tập 2 của bộ sách du lịch Đất Việt mến yêu, du lịch những năm 2000.
Đã lưu trong:
| Tác giả chính: | |
|---|---|
| Định dạng: | Sách |
| Năm xuất bản: |
H.
Thanh niên
2000
|
| Chủ đề: | |
| Tags: |
Thêm thẻ
Không có thẻ, Hãy là người đầu tiên gắn thẻ bản ghi này!
|
| LEADER | 00916nam a2200181 4500 | ||
|---|---|---|---|
| 082 | |a 915.97 |b PH104C | ||
| 100 | |a Phạm Côn Sơn | ||
| 245 | |a 101 điều cần biết thắng cảnh nổi tiếng nước nhà |b Du lịch những năm 2000 |c Phạm Côn Sơn | ||
| 260 | |a H. |b Thanh niên |c 2000 | ||
| 300 | |a 180tr. |c 18cm. | ||
| 520 | |a 101 điều cần biết về thắng cảnh nỗi tiếng nước nhà là tập 2 của bộ sách du lịch Đất Việt mến yêu, du lịch những năm 2000. | ||
| 653 | |a Địa lý%Du lịch%Việt nam%Thắng cảnh | ||
| 653 | |a Du lịch | ||
| 653 | |a Việt nam | ||
| 653 | |a Thắng cảnh | ||
| 942 | |2 ddc |c SH | ||
| 999 | |c 625 |d 625 | ||
| 952 | |0 0 |1 0 |2 ddc |4 0 |6 915_970000000000000_PH104C |7 0 |8 900 |9 13967 |a qbu |b qbu |c D5 |d 2014-11-20 |g 10000 |o 915.97 PH104C |p 5519.c1 |r 0000-00-00 |w 2014-11-20 |y SH |0 0 |6 915_970000000000000_PH104C |0 0 |6 915_970000000000000_PH104C |0 0 |6 915_970000000000000_PH104C | ||